ROBOTICA: Control, detección, visión e inteligencia (Registro nro. 11732)
[ vista simple ]
| 000 -LÍDER | |
|---|---|
| fixed length control field | 00503nam a2200169 4500 |
| 008 - ELEMENTOS DE LONGITUD FIJA -- INFORMACIÓN GENERAL | |
| fixed length control field | 01990 1989 0a 000 0MEX |
| 020 ## - NÚMERO INTERNACIONAL NORMALIZADO PARA LIBROS | |
| ISBN | 968-422-357-9 |
| 050 ## - SIGNATURA TOPOGRAFICA DE LA BIBLIOTECA DEL CONGRESO (LC) | |
| Número de Clasificación | TJ211 F949 |
| 082 ## - NUMERO DE CLASIFICACION DECIMAL DEWEY | |
| Número de Clasificación | 001.535 F667r |
| 100 ## - ASIENTO PRINCIPAL--NOMBRE PERSONAL | |
| Nombre personal | Fu, K. S. |
| 245 ## - TÍTULO | |
| Título | ROBOTICA: Control, detección, visión e inteligencia |
| 260 ## - PUBLICACIÓN, DISTRIBUCIÓN, ETC. (PIE DE IMPRENTA) | |
| Lugar de publicación, distribución, etc. | México : McGraw-Hill |
| 300 ## - DESCRIPCIÓN FÍSICA | |
| Extensión | xiii,599 p. / 23 cm |
| 500 ## - NOTA GENERAL | |
| Nota general | Incluye Indice, apendice, bibliografia. |
| 650 ## - ASIENTO SECUNDARIO DE MATERIA - TERMINO TEMÁTICO | |
| Término temático o nombre geográfico como elemento de entrada | 1. ROBOTICA |
| 700 ## - ASIENTO SECUNDARIO - NOMBRE PERSONAL | |
| Nombre personal | Gonzalez, R.C. \ Lee, C. S. G. |
| No. biblioteca | No. biblioteca | Número de clasificación | Código de barras/Número de adquisición | Número de copia | Tipo de material |
|---|---|---|---|---|---|
| LUIS G. INCLAN | LUIS G. INCLAN | 001.535 F667r | 17134 | 1 | Libros |
| LUIS G. INCLAN | LUIS G. INCLAN | 001.535 F667r | 17151 | 2 | Libros |
| LUIS G. INCLAN | LUIS G. INCLAN | 001.535 F667r | 21258 | 3 | Libros |
| LUIS G. INCLAN | LUIS G. INCLAN | 001.535 F667r | 21260 | 5 | Libros |
| LUIS G. INCLAN | LUIS G. INCLAN | 001.535 F667r | 22492 | 7 | Libros |
| LUIS G. INCLAN | LUIS G. INCLAN | 001.535 F667r | 26057 | 10 | Libros |
| LUIS G. INCLAN | LUIS G. INCLAN | 001.535 F667r | 2658 | 11 | Libros |
